000 00350nam a2200145Ia 4500
008 191201s2007 xx 000 0 und d
082 _a005.43
_bGAO
100 _aSILBERSCHATZ, Abraham
245 0 _aOperating Systems Principles
250 _a3rd
260 _aN.Delhi
_bJohn Wiley
_c2007
300 _a896
650 _aB.Tech(IT)
942 _2ddc
_cBK
999 _c2859
_d2859